| Поле | Инд. | ПП | Название | Значение |
|---|---|---|---|---|
| Тип записи | a | |||
| Библиографический уровень | b | |||
| 001 | Контрольный номер | RU/IS/BASE/483203284 | ||
| 005 | Дата корректировки | 20200522191728.6 | ||
| 008 | Кодируемые данные | 20150424 | ||
| 040 | b | Код языка каталог. | rus | |
| e | Правила каталог. | PSBO | ||
| 041 | 0_ | a | Код языка текста | rus |
| 084 | a | Индекс другой классификации/Индекс ББК | 65.290.2; 65.29 | |
| 100 | 1_ | a | Автор | Власов Е. |
| 245 | 10 | a | Заглавие | Социальное предпринимательство: эволюция взглядов и подходов |
| 504 | a | Библиография | Библиогр. | |
| 520 | a | Аннотация | Рассмотрена парадигма развития и становления социального бизнеса в обществе, дана критическая оценка различных подходов к определению "социальное предпринимательство". | |
| 650 | 14 | a | Основная рубрика | бизнес |
| a | Основная рубрика | экономика | ||
| 653 | 1_ | a | Ключевые слова | история экономических учений |
| a | Ключевые слова | консервативный подход | ||
| a | Ключевые слова | оценка бизнеса | ||
| a | Ключевые слова | Россия | ||
| a | Ключевые слова | социальная ответственность бизнеса | ||
| a | Ключевые слова | социальное предпринимательство | ||
| a | Ключевые слова | социальный бизнес | ||
| a | Ключевые слова | теория предпринимательства | ||
| a | Ключевые слова | человеческий капитал | ||
| a | Ключевые слова | экономические школы | ||
| 773 | 08 | t | Заглавие источника | РИСК: ресурсы, информация, снабжение, конкуренция |
| d | Дата издания источника | 2013 | ||
| g | Прочая информация | № 3. - С. 129 - 131 : табл. | ||
| w | Контрольный № источника | RU/IS/BASE/439917319 | ||
| 901 | t | Тип документа | b |